00354nam a2200121Ia 4500003000400000008004100004040001600045082001900061245008800080260004800168300001100216490000500227GCL140319s9999 xx 000 0 ara d aGCL / cGCL04a953.023bم ق10aقادسية سعد بن ابى وقاص صورة بطولاتها وابطالها a[S.N] : bمكتبة الاداب ، c1991 a176 ص a